[Event "Florianopolis op 4th"]
[Site "Florianopolis"]
[Date "2018.01.20"]
[Round "3"]
[White "Coro, Richard"]
[Black "Marques, Andre Rezende"]
[Result "1-0"]
[WhiteElo "1662"]
[BlackElo "1933"]
[PlyCount "73"]
[EventDate "2018.01.19"]
[EventType "swiss"]
[EventRounds "10"]
[EventCountry "BRA"]
[SourceTitle "CBM 182 Extra"]
[Source "ChessBase"]
[SourceDate "2018.02.23"]
[SourceVersion "1"]
[SourceVersionDate "2018.02.23"]
[SourceQuality "1"]

1. e4 c6 2. d4 d5 3. exd5 Qxd5 4. Nc3 Qd8 5. Nf3 Bg4 6. Be2 e6 7. 0-0 Nf6 8. Be3 Be7 9. h3 Bh5 10. Ne5 Bxe2 11. Qxe2 0-0 12. Rad1 Nbd7 13. Qf3 Nd5 14. Nxd5 cxd5 15. c4 Nb6 16. c5 Nd7 17. Nd3 Qa5 18. a3 Rfc8 19. Rc1 Qb5 20. Qd1 a5 21. Qd2 a4 22. Rc3 Nf6 23. f3 Nd7 24. Rfc1 Nb8 25. Ne5 Bf6 26. Ng4 Bd8 27. R1c2 Ba5 28. Bh6 Bxc3 29. Rxc3 Nd7 30. Qg5 Kf8 31. Qxg7+ Ke8 32. Qg8+ Ke7 33. Bg5+ f6 34. Qg7+ Kd8 35. Nxf6 Kc7 36. Bf4+ Kd8 37. Qg8+ 1-0

[Event "Florianopolis op 4th"]
[Site "Florianopolis"]
[Date "2018.01.20"]
[Round "2"]
[White "Correa, Jose Augusto"]
[Black "Coro, Richard"]
[Result "1/2-1/2"]
[WhiteElo "1961"]
[BlackElo "1662"]
[PlyCount "179"]
[EventDate "2018.01.19"]
[EventType "swiss"]
[EventRounds "10"]
[EventCountry "BRA"]
[SourceTitle "CBM 182 Extra"]
[Source "ChessBase"]
[SourceDate "2018.02.23"]
[SourceVersion "1"]
[SourceVersionDate "2018.02.23"]
[SourceQuality "1"]

1. c4 Nf6 2. Nc3 d5 3. cxd5 Nxd5 4. g3 g6 5. Bg2 Nb6 6. Nf3 Bg7 7. 0-0 0-0 8. d3 Nc6 9. Be3 Nd5 10. Nxd5 Qxd5 11. Qd2 Qa5 12. Qxa5 Nxa5 13. Rac1 Nc6 14. Rc2 Be6 15. b3 h6 16. Rfc1 Rfe8 17. Nd2 Bd7 18. a3 e5 19. b4 a6 20. Ne4 Nd4 21. Bxd4 exd4 22. Rxc7 Bc6 23. Nd6 Rxe2 24. Bxc6 bxc6 25. R1xc6 Ra2 26. Rc8+ Rxc8 27. Rxc8+ Bf8 28. Nc4 Ra1+ 29. Kg2 Rd1 30. Ra8 Rxd3 31. Ne5 Rxa3 32. Nd7 d3 33. Nxf8 d2 34. Nxg6+ Kg7 35. Rd8 fxg6 36. Rxd2 h5 37. Rd7+ Kh6 38. Ra7 Rb3 39. Rxa6 Rxb4 40. Re6 Rb2 41. Kf3 Ra2 42. h4 Rb2 43. Re2 Rb3+ 44. Kf4 Kg7 45. Re3 Rb2 46. f3 Kf6 47. g4 hxg4 48. fxg4 Rh2 49. Rb3 Rf2+ 50. Rf3 Re2 51. g5+ Kg7 52. Re3 Rh2 53. Kg3 Rb2 54. Re7+ Kf8 55. Rd7 Rb4 56. Rd6 Kf7 57. Rf6+ Kg7 58. Rf4 Rb1 59. Kf3 Rb3+ 60. Ke4 Rb4+ 61. Ke5 Rb5+ 62. Kd6 Rb6+ 63. Kc5 Re6 64. Kd5 Ra6 65. Rc4 Kg8 66. Rc6 Ra5+ 67. Ke6 Rf5 68. Rc7 Rf4 69. Rd7 Rxh4 70. Kf6 Rf4+ 71. Kxg6 Rb4 72. Kf6 Rf4+ 73. Kg6 Rf3 74. Rg7+ Kh8 75. Rf7 Rc3 76. Kh6 Kg8 77. Rd7 Rc6+ 78. g6 Ra6 79. Re7 Ra8 80. g7 Rc8 81. Kg6 Rb8 82. Re6 Ra8 83. Kf6 Rc8 84. Rd6 Re8 85. Rb6 Ra8 86. Rc6 Re8 87. Rc7 Ra8 88. Ke5 Ra6 89. Re7 Rg6 90. Kf5 1/2-1/2

[Event "Villa Martelli ProAm op 23rd"]
[Site "Villa Martelli"]
[Date "2016.11.26"]
[Round "8"]
[White "Coro, Richard"]
[Black "Sica, Mauro"]
[Result "1-0"]
[WhiteElo "1704"]
[BlackElo "2142"]
[PlyCount "115"]
[EventDate "2016.11.20"]
[EventType "swiss"]
[EventRounds "9"]
[EventCountry "ARG"]
[SourceTitle "CBM 175 Extra"]
[Source "ChessBase"]
[SourceDate "2016.12.12"]
[SourceVersion "1"]
[SourceVersionDate "2016.12.12"]
[SourceQuality "1"]

1. e4 c5 2. c3 d5 3. exd5 Qxd5 4. d4 Nf6 5. Nf3 Bg4 6. dxc5 Qxd1+ 7. Kxd1 e5 8. b4 e4 9. h3 Bh5 10. g4 Nxg4 11. hxg4 Bxg4 12. Nbd2 exf3 13. Bd3 Nc6 14. Re1+ Be7 15. Be4 Kf8 16. Kc2 Be6 17. Nxf3 Bf6 18. a3 h5 19. Be3 Re8 20. Nd4 Bd7 21. Bf3 a6 22. Rad1 Nxd4+ 23. cxd4 Ba4+ 24. Kd3 Bxd1 25. Rxd1 Re7 26. d5 Rd7 27. a4 g5 28. b5 g4 29. Be4 Be5 30. Kc4 Kg7 31. bxa6 bxa6 32. c6 Rd6 33. Bc5 Kf6 34. Rb1 Kg5 35. Bd4 Bxd4 36. Kxd4 Kf4 37. Rb7 Rf6 38. Re7 h4 39. Kc5 g3 40. fxg3+ hxg3 41. c7 Rf5 42. Kc6 Re5 43. Rxe5 Kxe5 44. Bg2 Rh2 45. c8Q Rxg2 46. Qe8+ Kd4 47. Qxf7 Rc2+ 48. Kd6 g2 49. Qf4+ Kc3 50. Qe3+ Kb4 51. Kd7 Kxa4 52. d6 Kb4 53. Ke7 Re2 54. Qxe2 g1Q 55. Qe4+ Kc5 56. Qe5+ Kb4 57. d7 Qa7 58. Ke8 1-0

[Event "Villa Martelli ProAm op 23rd"]
[Site "Villa Martelli"]
[Date "2016.11.24"]
[Round "6"]
[White "Martin, Luis Jacinto"]
[Black "Coro, Richard"]
[Result "0-1"]
[WhiteElo "1808"]
[BlackElo "1704"]
[PlyCount "77"]
[EventDate "2016.11.20"]
[EventType "swiss"]
[EventRounds "9"]
[EventCountry "ARG"]
[SourceTitle "CBM 175 Extra"]
[Source "ChessBase"]
[SourceDate "2016.12.12"]
[SourceVersion "1"]
[SourceVersionDate "2016.12.12"]
[SourceQuality "1"]

1. Nf3 Nf6 2. g3 g6 3. b3 Bg7 4. Bb2 d5 5. c4 0-0 6. Bg2 dxc4 7. bxc4 Nbd7 8. 0-0 Nb6 9. d3 c6 10. Nbd2 Bg4 11. a4 Qc8 12. a5 Nbd7 13. h3 Bxf3 14. Nxf3 Qc7 15. Qc2 e5 16. Bc3 Rfe8 17. Nd2 Nc5 18. Rfb1 Nfd7 19. e3 Rab8 20. d4 exd4 21. exd4 Ne6 22. Nb3 Qd6 23. Rd1 Qe7 24. Re1 Qf6 25. Rad1 Ng5 26. Qd3 Rbd8 27. Re3 Rxe3 28. Qxe3 Qf5 29. g4 Qc2 30. Rc1 Nxh3+ 31. Bxh3 Qxb3 32. Qe7 Bf6 33. Qd6 Qxc4 34. Qc7 Bg5 35. f4 Bf6 36. Kh1 Nf8 37. Qxb7 Bxd4 38. Bd2 Qd3 39. Rd1 0-1